Chiffres romains - Statistiques

Statistiques générales
  • Ce quiz a été pris 181 fois
  • Le résultat moyen est 16 sur 20
Statistiques - réponses
Hint Réponse % Correct
L 50
97%
MMXIX 2019
92%
MMCCCXLIV 2344
91%
MMM 3000
91%
CD 400
91%
CM 900
90%
CXLI 141
89%
MMIII 2003
89%
DCLXVI 666
84%
MMCXVIII 2118
83%
MMMXII 3012
83%
MMMDCCCLXXXVIII 3888
83%
MDCCXXXVIII 1738
82%
MMMMMCCCXXIV 5324
76%
MCCXXXIV 1234
75%
MMDCLXIV 2664
75%
MCMXCI 1991
72%
DCVIII 608
67%
MCMXXXIII 1933
63%
MMMMDLXVIII 4568
63%
Aucun quiz correspondant
Distribution des résultats
% des personnes avec chaque résultat
Percentile par nombre de réponses
Votre historique - résultats
Vous n’avez pas pris ce quiz